00683 2200181 4500245004300000020002300043250001100066100001900077700002500096700002300121650001700144005001900161260002400180041001400204084001100218300003100229500024100260 aDefeated by LovecGhina NauvaliahText a978-602- 430-150-7 aCet. 1 aGhina Nauvalia aHutami Suryaningtyas aDila Maretihaqsari aNovel Remaja a20230929091630 bBentang Beliac2017 aIndonesia aB05785 avii + 152 hlm :b20,8 cm ; aBaru beberapa hari jadi murid pindahan,Alika harus mengalami bullying yang menjengkelkan.Ini semua gargara ia dekat dengan Dika,cowok bad boy idola para cewek.Karena mersa iri,Bella dan geng cewek fan berat mem-bully Alika habis-habisan